For the first time in forever (frozen) - lyrics - Statistics

General Stats
  • This quiz has been taken 190 times
    127 since last reset
  • The average score is 281 of 365
Answer Stats
Answer % Correct
a
97%
A
97%
I
97%
The
96%
For
96%
for
96%
the
96%
The
96%
first
93%
time
92%
door
91%
forever
91%
is
91%
open
91%
so
91%
So
91%
be
89%
Be
89%
in
89%
it
89%
to
89%
To
89%
know
88%
that
88%
there
88%
they
87%
we
87%
Who
87%
did
85%
have
85%
gate
84%
no
84%
plates?
84%
Why
84%
window
84%
and
83%
And
83%
salad
83%
anymore
81%
Cause
80%
didn't
80%
Don't
80%
Dont
80%
don't
80%
I'm
80%
but
79%
But
79%
on
79%
thousand
79%
up
79%
ballroom
77%
gates
77%
knew
77%
my
77%
so's
77%
There'll
77%
there'll
77%
with
77%
I'll
76%
it's
76%
It's
76%
I've
76%
music
76%
owned
76%
some
76%
you
76%
balls?
75%
dancing
75%
people
75%
see
75%
this
75%
totally
75%
will
75%
It'll
73%
light
73%
night
73%
alone
72%
chocolate
72%
if
72%
one?
72%
one
72%
tall
72%
What
72%
what
72%
eight
71%
me
71%
real
71%
strange
71%
these
71%
they're
71%
won't
71%
all
69%
am
69%
empty
69%
Finally
69%
girl
69%
halls
69%
let
69%
life
69%
cant
68%
good
68%
or
68%
ready
68%
them
68%
through
68%
everyone
67%
opening
67%
always
65%
change?
65%
change
65%
feel
65%
live
65%
Nothing
65%
of
65%
then
65%
today
65%
years
65%
actual
64%
face
64%
meet
64%
somewhere
64%
wait
64%
Conceal
63%
gassy
63%
only
63%
standing
63%
talk
63%
Tell
63%
wall
63%
zone
63%
fair
61%
guards
61%
roamed
61%
sophisticated
61%
against
60%
beautiful
60%
bizarre
60%
by
60%
far
60%
grace
60%
Put
60%
show
60%
chance
59%
crazy
59%
evening
59%
him
59%
laugh
59%
love
59%
picture
59%
Wow
59%
find
57%
move
57%
wrong
57%
At
56%
has
56%
someone
56%
stranger
56%
stuff
56%
dream
55%
got
55%
like
55%
way
55%
romance
53%
wanna
53%
agony
52%
elated
52%
fun
52%
least
52%
Make
52%
noticed
52%
draped
51%
imagine
51%
magic
51%
suddenly
51%
Which
51%
could
49%
Nothing's
49%
Tonight
49%
true
49%
I'd
48%
gown
47%
tomorrow
45%
led
44%
ends
43%
Fetchingly
41%
dreaming
40%
lonely
40%
getting
35%
world
35%
Oh
32%
No matching quizzes found
Score Distribution
Percent of People with Each Score
Percentile by Number Answered
Your Score History
You have not taken this quiz since the last reset